Contratos asociativos, negocios de colaboración y consorcios /

Guardado en:
Autor Principal: Etcheverry, Raúl Aníbal
Formato: Libro
Idioma:Spanish
Publicado: Buenos Aires : Astrea, 2005
Edición:1a. ed.
Materias:
Etiquetas: Agregar Etiqueta
Sin Etiquetas, Sea el primero en etiquetar este registro!
LEADER 00717nam a22001695a 4500
001 DER.der001436
008 180615s2005####ag#||||||||||||||#||spa||
005 20251009105521.0
245 1 0 |a Contratos asociativos, negocios de colaboración y consorcios /  |c Raúl Aníbal Etcheverry. 
250 |a 1a. ed. 
260 |a Buenos Aires :  |b Astrea,  |c 2005 
300 |a 304 p. 
500 |a Sociedad de componentes. Alianzas estratégicas. Consorcios de exportación. Joint ventures. Fideicomisos. grupos de empresas y conjuntos económicos. Modelo para el Mercosur y la Comunidad Sudamericana. 
020 |a 9505086938 
100 1 |a Etcheverry, Raúl Aníbal 
650 7 |a DERECHO SOCIETARIO 
859 |a DERECHO  |b BIB. DERECHO  |h 346.06  |i ETC  |p 003513